Sledovanie genotoxických účinkov aflatoxínu B1 ošetreného nízkoteplotnou plazmou pomocou bakteriálnych kmeňov

Saved in:
Bibliographic Details
Main Author: Smolková, Nikola (Author)
Other Authors: Kaliňáková, Barbora (Thesis advisor)
Format: Manuscript Book
Language:Slovak
Published: 2022
Subjects:
Online Access:http://is.stuba.sk/zp/portal_zp.pl?podrobnosti=157096
Tags: Add Tag
No Tags, Be the first to tag this record!

MARC

LEADER 00000ntm a22000003a 4500
001 stuzp90424
003 SK-STU
005 20220625211858.3
007 ta
008 150427s2015----xo-----f-mn---000-0-slo-d
040 |a STU  |b slo 
041 0 |a slo 
100 1 |a Smolková, Nikola  |u 043000  |4 aut  |U FCHPT Fakulta chemickej a potravinárskej technológie  |T FCHPT Ústav biochémie a mikrobiológie  |X 104823  |U C3000  |Y 101  |7 104823 
242 0 1 |a Monitoring of Genotoxic Effects of Aflatoxin B1 Treated with Low Temperature Plasma Using Bacteria  |y eng 
245 1 0 |a Sledovanie genotoxických účinkov aflatoxínu B1 ošetreného nízkoteplotnou plazmou pomocou bakteriálnych kmeňov 
260 |c 2022 
650 4 |a aflatoxín B1  |2 slo 
650 4 |a nízkoteplotná plazma  |2 slo 
650 4 |a cytotoxicita  |2 slo 
650 4 |a Amesov test  |2 slo 
650 4 |a low temperature plasma  |2 eng 
650 4 |a aflatoxin B1  |2 eng 
650 4 |a cytotoxicity  |2 eng 
650 4 |a Ames test  |2 eng 
700 1 |a Kaliňáková, Barbora  |u 043000  |k Z1  |4 ths  |U FCHPT Fakulta chemickej a potravinárskej technológie  |T FCHPT Ústav biochémie a mikrobiológie  |X 38072  |U C3000  |Y 101  |7 A000038072 
856 4 |u http://is.stuba.sk/zp/portal_zp.pl?podrobnosti=157096